[Event "Vojvodina-ch 2nd"]
[Site "Novi Sad"]
[Date "2011.07.24"]
[Round "1"]
[White "Stanisic, Dragoljub"]
[Black "Pezelj, Novak"]
[Result "0-1"]
[WhiteElo "1967"]
[BlackElo "2364"]
[PlyCount "78"]
[EventDate "2011.07.24"]
[EventType "swiss"]
[EventRounds "9"]
[EventCountry "SRB"]
[SourceTitle "CBM 143 Extra"]
[Source "ChessBase"]
[SourceDate "2011.08.29"]
[SourceVersion "1"]
[SourceVersionDate "2011.08.29"]
[SourceQuality "1"]

1. e4 c5 2. Nf3 e6 3. d4 cxd4 4. Nxd4 Nc6 5. Nxc6 bxc6 6. Bd3 d5 7. Nd2 Nf6 8. Qe2 Be7 9. b3 0-0 10. 0-0 a5 11. a4 Nd7 12. Bb2 Nc5 13. Rfe1 Rb8 14. Ba3 Re8 15. Bxc5 Bxc5 16. e5 f5 17. Qh5 Bd7 18. Nf3 Rf8 19. Re2 Rb4 20. Qg5 Qxg5 21. Nxg5 Bd4 22. Rd1 Bc3 23. Nf3 c5 24. Nd2 Bxd2 25. Rexd2 Bc6 26. Ra1 Rc8 27. f3 c4 28. bxc4 dxc4 29. c3 Rxa4 30. Rxa4 Bxa4 31. Be2 Bb3 32. Rd6 Ra8 33. f4 a4 34. Bf3 Ra5 35. Rxe6 a3 36. Rd6 a2 37. e6 a1Q+ 38. Kf2 Kf8 39. Rd7 Ra2+ 0-1